000
00303nam a2200121Ia 4500
008
220204s9999 xx 000 0 und d
082
_a
301
_b
GOO
100
_a
Goode, William J
245
0
_a
Methods in social research
260
_a
New Delhi
_b
McGraw Hill
_c
1952
700
_a
Hatt, Paul K
942
_c
BK
999
_c
29607
_d
29607